| 000 | 01460nam0a2200349 4500 | ||
|---|---|---|---|
| 001 | RU\NLR\BIBL_A\012767165 | ||
| 005 | 20250624150534.0 | ||
| 010 |
_a978-5-299-01096-1 _91000 |
||
| 035 | _a(NLR Aleph) 012767165 | ||
| 090 |
_a13080910 _c13080910 |
||
| 100 | _a20220419d2021 |||y0rusy50 ca | ||
| 101 | 1 |
_arus _ceng |
|
| 102 | _aRU | ||
| 105 | _aah z 001zy | ||
| 181 | 0 |
_ai3 _baxxe |
|
| 182 | 0 | _an | |
| 200 | 1 |
_aСтопа: от всесторонней оценки - к хирургической коррекции _fКай Кляу _gпод научной редакцией д-ра мед. наук С. Ю. Бережнова _hперевод [с англ.] Д. В. Деревянко |
|
| 203 |
_aТекст _bвизуальный _cнепосредственный |
||
| 210 |
_aСанкт-Петербург _cСпецЛит _d2021 |
||
| 215 |
_a285, [2] с. _cил., цв. ил., факс. _d24 |
||
| 300 | _aЗагл. и авт. ориг.: The foot / Kaj Klaue | ||
| 320 | _aБиблиогр.: с. 283-285 (48 назв.) | ||
| 320 | _aПредм. указ. в конце кн. | ||
| 454 | 0 |
_12001#$aThe foot$fKaj Klaue _1700#1$aKlaue$bK.$gKaj _tThe foot _aKlaue, Kaj |
|
| 606 | 1 |
_aСтопа _xБолезни _91429387 _3RU\NLR\AUTH\66292779 |
|
| 686 | 1 | _aР458.285.7 | |
| 700 | 1 |
_aКляу _bК. _gКай |
|
| 942 | _cBOOK | ||
| 980 | 4 | _aVNP_OZTML | |
| 980 | _aNB | ||